<?xml version="1.0" encoding="UTF-8"?>
<record
    xmlns:xsi="http://www.w3.org/2001/XMLSchema-instance"
    xsi:schemaLocation="http://www.loc.gov/MARC21/slim http://www.loc.gov/standards/marcxml/schema/MARC21slim.xsd"
    xmlns="http://www.loc.gov/MARC21/slim">

  <leader>00576cam a2200193 a 4500</leader>
  <controlfield tag="001">sa 68011358 </controlfield>
  <controlfield tag="003">DLC</controlfield>
  <controlfield tag="005">20260227112559.0</controlfield>
  <controlfield tag="008">881028s1968    xx            000 0 beno </controlfield>
  <datafield tag="010" ind1=" " ind2=" ">
    <subfield code="a">sa 68011358 </subfield>
  </datafield>
  <datafield tag="035" ind1=" " ind2=" ">
    <subfield code="a">(OCoLC)23537353</subfield>
  </datafield>
  <datafield tag="040" ind1=" " ind2=" ">
    <subfield code="a">DLC</subfield>
    <subfield code="c">DLC</subfield>
  </datafield>
  <datafield tag="050" ind1="0" ind2="0">
    <subfield code="a">PK1730.14.A8134</subfield>
    <subfield code="b">K3 1968</subfield>
  </datafield>
  <datafield tag="100" ind1="1" ind2=" ">
    <subfield code="a">Bha&#x1E6D;&#x1E6D;&#x101;c&#x101;rya, Rab&#x12B;ndra,</subfield>
    <subfield code="d">1934-</subfield>
  </datafield>
  <datafield tag="245" ind1="1" ind2="0">
    <subfield code="a">K&#x101;lera main&#x101;ka :</subfield>
    <subfield code="b">p&#x16B;r&#x1E47;&#x101;&#x1E45;ka s&#x101;m&#x101;jika n&#x101;&#x1E6D;aka /</subfield>
    <subfield code="c">Rab&#x12B;ndra Bha&#x1E6D;&#x1E6D;&#x101;c&#x101;rya.</subfield>
  </datafield>
  <datafield tag="260" ind1=" " ind2=" ">
    <subfield code="c">Kalak&#x101;t&#x101; :</subfield>
    <subfield code="b">Pal&#x101;&#x15B;&#x12B;,</subfield>
    <subfield code="c">1375 [1968]</subfield>
  </datafield>
  <datafield tag="300" ind1=" " ind2=" ">
    <subfield code="a">97 p. ;</subfield>
    <subfield code="c">19 cm.</subfield>
  </datafield>
  <datafield tag="546" ind1=" " ind2=" ">
    <subfield code="a">In Bengali.</subfield>
  </datafield>
  <datafield tag="999" ind1=" " ind2=" ">
    <subfield code="c">83835</subfield>
    <subfield code="d">83835</subfield>
  </datafield>
</record>
